Guide to management research methods / (Record no. 356838)
[ view plain ]
| 000 -LEADER | |
|---|---|
| fixed length control field | 00637nam a2200217Ia 4500 |
| 008 - FIXED-LENGTH DATA ELEMENTS--GENERAL INFORMATION | |
| fixed length control field | 180523s9999 xx 000 0 und d |
| 020 ## - INTERNATIONAL STANDARD BOOK NUMBER | |
| International Standard Book Number | 1-4051-1512-2 |
| 050 ## - LIBRARY OF CONGRESS CALL NUMBER | |
| Classification number | MAIN HD 30.4 |
| 050 ## - LIBRARY OF CONGRESS CALL NUMBER | |
| Item number | .V45 2004 |
| 100 ## - MAIN ENTRY--PERSONAL NAME | |
| Personal name | Velde, Mandy van der. |
| 245 #0 - TITLE STATEMENT | |
| Title | Guide to management research methods / |
| 245 #0 - TITLE STATEMENT | |
| Statement of responsibility, etc | Mandy van der Velde, Paul Jensesn and Neil Anderson. |
| 260 ## - PUBLICATION, DISTRIBUTION, ETC. (IMPRINT) | |
| Place of publication, distribution, etc | Malden, MA : |
| 260 ## - PUBLICATION, DISTRIBUTION, ETC. (IMPRINT) | |
| Name of publisher, distributor, etc | Blackwell Publishing, |
| 260 ## - PUBLICATION, DISTRIBUTION, ETC. (IMPRINT) | |
| Date of publication, distribution, etc | 2004 |
| 300 ## - PHYSICAL DESCRIPTION | |
| Extent | 252 pages : |
| 300 ## - PHYSICAL DESCRIPTION | |
| Dimensions | 23 cm. |
| 500 ## - GENERAL NOTE | |
| General note | Includes bibliographical references and index. |
| 650 ## - SUBJECT ADDED ENTRY--TOPICAL TERM | |
| Topical term or geographic name as entry element | Business -- Research. |
| 650 ## - SUBJECT ADDED ENTRY--TOPICAL TERM | |
| General subdivision | Management -- Research. |
| Withdrawn status | Lost status | Damaged status | Home library | Current library | Shelving location | Date acquired | Cost, normal purchase price | Total Checkouts | Full call number | Barcode | Date last seen | Price effective from | Koha item type |
|---|---|---|---|---|---|---|---|---|---|---|---|---|---|
| South Mansfield College | South Mansfield College | 09/13/2005 | 3.00 | MAIN HD 30.4 .V45 2004 | SMC02782 | 05/23/2018 | 05/23/2018 |